The breakdown of certain types of vortex /

Bibliographic Details
Main Author: Lambourne, N. C.
Format: Book
Language:English
Published: London : H.M.S.O., 1967.
Series:Current papers (Aeronautical Research Council (Great Britain)) ; no. 915.
Subjects:

MARC

Tag First Indicator Second Indicator Subfields
LEADER 00000cam a2200000 4500
001 in00000097879
005 20150925115202.0
008 731001s1967 enkaf b 00010 eng
010 |a  67082022  
015 |a B67-4826 
035 |a (OCoLC)00955072 
035 |9 AAL3074AM 
040 |a DLC  |c DLC  |d TXA  |d UtOrBLW 
049 |a TXAM  |c [1201451] 
050 0 0 |a TL507  |b .G77 no. 915 
082 0 |a 532/.05 
100 1 |a Lambourne, N. C. 
245 1 4 |a The breakdown of certain types of vortex /  |c by N. C. Lambourne. 
264 1 |a London :  |b H.M.S.O.,  |c 1967. 
300 |a 21 pages :  |b 12 plates (including diagrams) ;  |c 30 cm. 
336 |a text  |b txt  |2 rdacontent 
337 |a unmediated  |b n  |2 rdamedia 
338 |a volume  |b nc  |2 rdacarrier 
490 1 |a Aeronautical Research Council. Current papers, no. 915 
504 |a Bibliography: pages 15-16. 
650 0 |a Vortex-motion. 
830 0 |a Current papers (Aeronautical Research Council (Great Britain)) ;  |v no. 915. 
999 |a MARS 
999 f f |s 6f3a793d-ec96-3715-8828-2435142b90f1  |i 89883065-4c6e-3854-b6e0-548e81578f49  |t 0 
952 f f |p ric  |a Texas A&M University  |b Rellis Campus  |c Joint Library Facility  |d Remote Storage  |t 0  |e TL507 .G77 no. 915  |h Library of Congress classification  |i unmediated -- volume  |m A14805532326 
998 f f |a TL507 .G77 no. 915  |t 0  |l Remote Storage